[Event "English Womens Championships 2024"]
[Site "Kenilworth, United Kingdom"]
[Date "2024.06.22"]
[Round "5.6"]
[White "Catabay, Mae C"]
[Black "Varney, Zoe"]
[Result "0-1"]
[TimeControl "G:90 minutes + 30 seconds added per move"]
[WhiteFideId "484768"]
[BlackFideId "436135"]
[WhiteElo "1773"]
[BlackElo "2070"]

1. e4 {[%clk 01:30:55]} {[%emt 00:00:05]} e5 {[%clk 01:30:55]} {[%emt
00:00:05]} 2. f4 {[%clk 01:31:14]} {[%emt 00:00:10]} exf4 {[%clk 01:31:20]}
{[%emt 00:00:06]} 3. Nf3 {[%clk 01:31:22]} {[%emt 00:00:22]} Nf6 {[%clk
01:31:44]} {[%emt 00:00:05]} 4. e5 {[%clk 01:29:47]} {[%emt 00:02:05]} Nh5
{[%clk 01:32:04]} {[%emt 00:00:09]} 5. Be2 {[%clk 01:27:40]} {[%emt 00:02:38]}
d6 {[%clk 01:28:00]} {[%emt 00:04:34]} 6. exd6 {[%clk 01:20:17]} {[%emt
00:07:54]} Bxd6 {[%clk 01:26:03]} {[%emt 00:02:27]} 7. O-O {[%clk 01:18:27]}
{[%emt 00:02:19]} O-O {[%clk 01:22:24]} {[%emt 00:04:09]} 8. d4 {[%clk
01:15:10]} {[%emt 00:03:47]} Nf6 {[%clk 01:13:49]} {[%emt 00:09:06]} 9. Bd3
{[%clk 01:09:19]} {[%emt 00:06:21]} c5 {[%clk 01:08:52]} {[%emt 00:05:26]} 10.
c3 {[%clk 01:04:08]} {[%emt 00:05:42]} Nc6 {[%clk 01:04:43]} {[%emt 00:04:40]}
11. d5 {[%clk 01:00:13]} {[%emt 00:04:24]} Ne7 {[%clk 00:55:38]} {[%emt
00:09:35]} 12. c4 {[%clk 00:53:07]} {[%emt 00:07:36]} Nf5 {[%clk 00:47:35]}
{[%emt 00:08:33]} 13. Nc3 {[%clk 00:44:36]} {[%emt 00:09:00]} Ng4 {[%clk
00:42:20]} {[%emt 00:05:45]} 14. Re1 {[%clk 00:41:45]} {[%emt 00:03:21]} Nge3
{[%clk 00:26:35]} {[%emt 00:16:16]} 15. Bxe3 {[%clk 00:39:57]} {[%emt
00:02:18]} Nxe3 {[%clk 00:26:35]} {[%emt 00:00:30]} 16. Qd2 {[%clk 00:35:27]}
{[%emt 00:04:59]} f5 {[%clk 00:23:47]} {[%emt 00:03:18]} 17. Nd1 {[%clk
00:32:30]} {[%emt 00:03:28]} Ng4 {[%clk 00:14:06]} {[%emt 00:10:11]} 18. h3
{[%clk 00:30:56]} {[%emt 00:02:03]} Nf6 {[%clk 00:14:20]} {[%emt 00:00:16]} 19.
Nc3 {[%clk 00:29:38]} {[%emt 00:01:48]} Nh5 {[%clk 00:11:22]} {[%emt 00:03:29]}
20. Nb5 {[%clk 00:24:34]} {[%emt 00:05:34]} Bb8 {[%clk 00:11:07]} {[%emt
00:00:45]} 21. Qf2 {[%clk 00:20:49]} {[%emt 00:04:14]} a6 {[%clk 00:11:06]}
{[%emt 00:00:32]} 22. Nc3 {[%clk 00:20:44]} {[%emt 00:00:35]} Qf6 {[%clk
00:09:17]} {[%emt 00:02:19]} 23. Rad1 {[%clk 00:11:36]} {[%emt 00:09:37]} Bd7
{[%clk 00:07:59]} {[%emt 00:01:48]} 24. Bc2 {[%clk 00:09:52]} {[%emt 00:02:15]}
b5 {[%clk 00:07:19]} {[%emt 00:01:10]} 25. d6 {[%clk 00:07:19]} {[%emt
00:03:03]} Kh8 {[%clk 00:01:36]} {[%emt 00:06:13]} 26. Ne5 {[%clk 00:04:51]}
{[%emt 00:02:58]} Be6 {[%clk 00:01:28]} {[%emt 00:00:38]} 27. Qf3 {[%clk
00:04:27]} {[%emt 00:00:54]} g6 {[%clk 00:01:02]} {[%emt 00:00:57]} 28. Qxa8
{[%clk 00:03:47]} {[%emt 00:01:09]} Bxd6 {[%clk 00:01:28]} {[%emt 00:00:04]} 29.
Qc6 {[%clk 00:03:21]} {[%emt 00:00:56]} Bxe5 {[%clk 00:01:49]} {[%emt
00:00:09]} 30. Qxc5 {[%clk 00:03:31]} {[%emt 00:00:20]} Bxc3 {[%clk 00:01:42]}
{[%emt 00:00:37]} 31. bxc3 {[%clk 00:03:35]} {[%emt 00:00:25]} Bxc4 {[%clk
00:01:31]} {[%emt 00:00:42]} 32. Bb3 {[%clk 00:02:15]} {[%emt 00:01:49]} Bg8
{[%clk 00:00:50]} {[%emt 00:01:12]} 33. Qe5 {[%clk 00:01:48]} {[%emt 00:00:57]}
Qxe5 {[%clk 00:00:50]} {[%emt 00:00:30]} 34. Rxe5 {[%clk 00:02:12]} {[%emt
00:00:06]} Rc8 {[%clk 00:01:11]} {[%emt 00:00:08]} 35. Re7 {[%clk 00:01:49]}
{[%emt 00:00:53]} Nf6 {[%clk 00:01:15]} {[%emt 00:00:27]} 36. Rd6 {[%clk
00:01:40]} {[%emt 00:00:39]} Ne4 {[%clk 00:01:36]} {[%emt 00:00:09]} 37. Rxa6
{[%clk 00:01:37]} {[%emt 00:00:33]} Nxc3 {[%clk 00:01:38]} {[%emt 00:00:28]} 38.
Raa7 {[%clk 00:01:42]} {[%emt 00:00:25]} Ne4 {[%clk 00:00:52]} {[%emt
00:01:16]} 39. Rac7 {[%clk 00:01:31]} {[%emt 00:00:41]} Rd8 {[%clk 00:00:50]}
{[%emt 00:00:33]} 40. Red7 {[%clk 00:01:17]} {[%emt 00:00:44]} Rxd7 {[%clk
00:01:14]} {[%emt 00:00:07]} 41. Rxd7 {[%clk 00:01:39]} {[%emt 00:00:07]} Bxb3
{[%clk 00:01:38]} {[%emt 00:00:07]} 42. axb3 {[%clk 00:01:41]} {[%emt
00:00:27]} Nc5 {[%clk 00:02:01]} {[%emt 00:00:07]} 43. Rd8+ {[%clk 00:01:42]}
{[%emt 00:00:29]} Kg7 {[%clk 00:02:28]} {[%emt 00:00:03]} 44. b4 {[%clk
00:01:42]} {[%emt 00:00:31]} Na6 {[%clk 00:02:46]} {[%emt 00:00:11]} 45. Rd4
{[%clk 00:01:28]} {[%emt 00:00:44]} Kf7 {[%clk 00:03:11]} {[%emt 00:00:05]} 46.
Rxf4 {[%clk 00:01:15]} {[%emt 00:00:43]} Ke6 {[%clk 00:03:38]} {[%emt
00:00:03]} 47. Rh4 {[%emt 00:00:55]} h5 {[%clk 00:03:49]} 48. Kf2 {[%clk
00:01:17]} {[%emt 00:00:20]} Ke5 {[%clk 00:04:05]} {[%emt 00:00:16]} 49. Ke3
{[%clk 00:01:21]} {[%emt 00:00:25]} Nc7 {[%clk 00:04:26]} {[%emt 00:00:10]} 50.
Kd3 {[%clk 00:00:45]} {[%emt 00:01:06]} Nd5 {[%clk 00:04:52]} {[%emt 00:00:04]}
51. Rd4 {[%clk 00:00:43]} {[%emt 00:00:32]} Nf4+ {[%clk 00:04:48]} {[%emt
00:00:34]} 52. Ke3 {[%clk 00:00:39]} {[%emt 00:00:33]} Nxg2+ {[%clk 00:05:02]}
{[%emt 00:00:16]} 53. Kd3 {[%clk 00:00:55]} {[%emt 00:00:14]} Nf4+ {[%clk
00:04:56]} {[%emt 00:00:36]} 54. Ke3 {[%clk 00:00:53]} {[%emt 00:00:32]} Nd5+
{[%clk 00:05:13]} {[%emt 00:00:14]} 55. Kd3 {[%clk 00:00:58]} {[%emt 00:00:24]}
g5 {[%clk 00:05:28]} {[%emt 00:00:15]} 0-1

[Event "English Womens Championships 2024"]
[Site "Kenilworth, United Kingdom"]
[Date "2024.06.22"]
[Round "5.7"]
[White "Hariharan, Shambavi"]
[Black "Khunda, Deema"]
[Result "1-0"]
[TimeControl "G:90 minutes + 30 seconds added per move"]
[WhiteFideId "488160"]
[BlackFideId "499730"]
[WhiteElo "1900"]
[BlackElo "1648"]

1. d4 {[%clk 01:30:57]} {[%emt 00:00:02]} g6 {[%clk 01:30:28]} {[%emt
00:00:33]} 2. c4 {[%clk 01:31:05]} {[%emt 00:00:22]} Bg7 {[%clk 01:30:42]}
{[%emt 00:00:16]} 3. Nf3 {[%clk 01:31:28]} {[%emt 00:00:07]} d6 {[%clk
01:30:52]} {[%emt 00:00:20]} 4. g3 {[%clk 01:31:53]} {[%emt 00:00:05]} e5
{[%clk 01:25:49]} {[%emt 00:05:33]} 5. dxe5 {[%clk 01:28:36]} {[%emt 00:03:46]}
dxe5 {[%clk 01:26:05]} {[%emt 00:00:14]} 6. Qxd8+ {[%clk 01:29:00]} {[%emt
00:00:07]} Kxd8 {[%clk 01:25:37]} {[%emt 00:00:08]} 7. Nc3 {[%clk 01:29:15]}
{[%emt 00:01:05]} Be6 {[%clk 01:24:11]} {[%emt 00:01:56]} 8. e4 {[%clk
01:28:48]} {[%emt 00:00:57]} h6 {[%clk 01:24:06]} {[%emt 00:00:35]} 9. b3
{[%clk 01:26:53]} {[%emt 00:02:26]} Na6 {[%clk 01:22:31]} {[%emt 00:02:04]} 10.
Bb2 {[%clk 01:26:49]} {[%emt 00:00:35]} c6 {[%clk 01:18:34]} {[%emt 00:04:26]}
11. O-O-O+ {[%clk 01:25:57]} {[%emt 00:01:22]} Kc7 {[%clk 01:17:21]} {[%emt
00:01:43]} 12. Ba3 {[%clk 01:24:53]} {[%emt 00:01:35]} Rd8 {[%clk 01:14:52]}
{[%emt 00:02:57]} 13. Rxd8 {[%clk 01:23:12]} {[%emt 00:02:12]} Kxd8 {[%clk
01:15:05]} {[%emt 00:00:16]} 14. Be2 {[%clk 01:23:04]} {[%emt 00:00:39]} Ke8
{[%clk 01:09:44]} {[%emt 00:05:52]} 15. Bd6 {[%clk 01:21:32]} {[%emt 00:02:01]}
f6 {[%clk 01:08:28]} {[%emt 00:01:45]} 16. b4 {[%clk 01:20:07]} {[%emt
00:01:57]} Bf8 {[%clk 01:02:10]} {[%emt 00:06:47]} 17. Bxf8 {[%clk 01:16:59]}
{[%emt 00:03:38]} Kxf8 {[%clk 01:02:37]} {[%emt 00:00:03]} 18. a3 {[%clk
01:15:56]} {[%emt 00:01:33]} h5 {[%clk 01:01:50]} {[%emt 00:01:16]} 19. Rd1
{[%clk 01:13:14]} {[%emt 00:03:13]} Ke7 {[%clk 01:01:38]} {[%emt 00:00:41]} 20.
Nh4 {[%clk 01:12:03]} {[%emt 00:01:42]} Bf7 {[%clk 00:59:46]} {[%emt 00:02:21]}
21. f4 {[%clk 01:09:54]} {[%emt 00:02:40]} exf4 {[%clk 00:57:54]} {[%emt
00:02:23]} 22. gxf4 {[%clk 01:09:50]} {[%emt 00:00:34]} Nh6 {[%clk 00:57:15]}
{[%emt 00:01:08]} 23. Rg1 {[%clk 01:05:54]} {[%emt 00:04:26]} Rg8 {[%clk
00:55:32]} {[%emt 00:02:14]} 24. Nf3 {[%clk 01:05:39]} {[%emt 00:00:44]} Ng4
{[%clk 00:55:07]} {[%emt 00:00:55]} 25. h3 {[%clk 01:05:14]} {[%emt 00:00:56]}
Nh6 {[%clk 00:50:50]} {[%emt 00:04:47]} 26. e5 {[%clk 01:02:17]} {[%emt
00:03:27]} Nc7 {[%clk 00:49:14]} {[%emt 00:02:06]} 27. Bd3 {[%clk 00:53:57]}
{[%emt 00:08:50]} f5 {[%clk 00:40:54]} {[%emt 00:08:49]} 28. Ng5 {[%clk
00:53:53]} {[%emt 00:00:34]} Rd8 {[%clk 00:40:08]} {[%emt 00:01:15]} 29. Kc2
{[%clk 00:52:03]} {[%emt 00:02:21]} Bg8 {[%clk 00:39:21]} {[%emt 00:01:17]} 30.
Ne2 {[%clk 00:51:05]} {[%emt 00:01:28]} Nf7 {[%clk 00:39:15]} {[%emt 00:00:35]}
31. Nf3 {[%clk 00:51:05]} {[%emt 00:00:32]} Bh7 {[%clk 00:39:00]} {[%emt
00:00:45]} 32. Kc3 {[%clk 00:51:11]} {[%emt 00:00:23]} Ne6 {[%clk 00:38:44]}
{[%emt 00:00:46]} 33. Nfd4 {[%clk 00:50:17]} {[%emt 00:01:24]} Nxd4 {[%clk
00:36:29]} {[%emt 00:02:45]} 34. Nxd4 {[%clk 00:50:40]} {[%emt 00:00:08]} a6
{[%clk 00:34:04]} {[%emt 00:02:55]} 35. c5 {[%clk 00:49:15]} {[%emt 00:01:55]}
Rg8 {[%clk 00:34:10]} {[%emt 00:00:23]} 36. Bc4 {[%clk 00:47:40]} {[%emt
00:02:06]} Re8 {[%clk 00:32:04]} {[%emt 00:02:35]} 37. Nf3 {[%clk 00:44:44]}
{[%emt 00:03:26]} Nd8 {[%clk 00:30:12]} {[%emt 00:02:23]} 38. Nh4 {[%clk
00:31:10]} {[%emt 00:14:04]} Ne6 {[%clk 00:25:30]} {[%emt 00:05:11]} 39. Nxg6+
{[%clk 00:30:07]} {[%emt 00:01:34]} Bxg6 {[%clk 00:20:51]} {[%emt 00:05:09]} 40.
Bxe6 {[%clk 00:30:19]} {[%emt 00:00:18]} Kxe6 {[%clk 00:20:03]} {[%emt
00:01:18]} 41. Rxg6+ {[%clk 00:30:41]} {[%emt 00:00:08]} Kd5 {[%clk 00:20:28]}
{[%emt 00:00:05]} 42. Kd3 {[%clk 00:30:33]} {[%emt 00:00:38]} Rd8 {[%clk
00:19:34]} {[%emt 00:01:24]} 43. Rd6+ {[%clk 00:30:37]} {[%emt 00:00:25]} Rxd6
{[%emt 00:00:11]} 44. exd6 {[%emt 00:00:27]} Ke6 {[%emt 00:00:25]} 45. h4
{[%emt 00:00:16]} Kd7 {[%clk 00:18:20]} {[%emt 00:00:26]} 46. Kd4 {[%clk
00:31:03]} {[%emt 00:00:04]} Ke6 {[%clk 00:18:31]} {[%emt 00:00:19]} 47. d7
{[%clk 00:31:06]} {[%emt 00:00:25]} Kxd7 {[%clk 00:19:00]} {[%emt 00:00:03]} 48.
Ke5 {[%clk 00:31:31]} {[%emt 00:00:05]} Ke7 {[%clk 00:18:38]} {[%emt 00:00:52]}
49. Kxf5 {[%clk 00:31:50]} {[%emt 00:00:11]} Kf7 {[%clk 00:18:41]} {[%emt
00:00:27]} 50. Kg5 {[%clk 00:32:05]} {[%emt 00:00:14]} Ke6 {[%clk 00:18:47]}
{[%emt 00:00:24]} 51. f5+ {[%clk 00:32:21]} {[%emt 00:00:14]} Kf7 {[%clk
00:19:13]} {[%emt 00:00:05]} 52. f6 {[%clk 00:32:11]} {[%emt 00:00:40]} Kg8
{[%clk 00:19:23]} {[%emt 00:00:20]} 53. Kxh5 {[%clk 00:32:36]} {[%emt
00:00:05]} Kf7 {[%clk 00:19:43]} {[%emt 00:00:10]} 54. Kg5 {[%clk 00:32:45]}
{[%emt 00:00:20]} Kf8 {[%clk 00:19:05]} {[%emt 00:01:09]} 55. Kg6 {[%clk
00:33:04]} {[%emt 00:00:11]} Kg8 {[%clk 00:19:29]} {[%emt 00:00:05]} 56. f7+
{[%clk 00:33:20]} {[%emt 00:00:15]} Kf8 {[%clk 00:19:39]} {[%emt 00:00:20]} 57.
h5 {[%clk 00:33:46]} {[%emt 00:00:03]} 1-0

[Event "English Womens Championships 2024"]
[Site "Kenilworth, United Kingdom"]
[Date "2024.06.22"]
[Round "5.8"]
[White "Hardwick, Alexandra"]
[Black "Fernando, Manel"]
[Result "1/2-1/2"]
[TimeControl "G:90 minutes + 30 seconds added per move"]
[WhiteFideId "422355"]
[BlackFideId "439606"]
[WhiteElo "1813"]
[BlackElo "1725"]

1. d4 {[%clk 01:29:32]} {[%emt 00:01:27]} d5 {[%clk 01:30:51]} {[%emt
00:00:10]} 2. c4 {[%clk 01:29:57]} {[%emt 00:00:05]} e6 {[%clk 01:31:01]}
{[%emt 00:00:19]} 3. Nc3 {[%clk 01:30:24]} {[%emt 00:00:04]} c6 {[%clk
01:31:22]} {[%emt 00:00:08]} 4. Nf3 {[%clk 01:30:47]} {[%emt 00:00:06]} Nf6
{[%clk 01:31:39]} {[%emt 00:00:13]} 5. e3 {[%clk 01:30:47]} {[%emt 00:00:31]}
Nbd7 {[%emt 00:00:23]} 6. Qc2 {[%clk 01:30:42]} {[%emt 00:00:34]} Bd6 {[%clk
01:31:46]} {[%emt 00:00:31]} 7. Bd3 {[%clk 01:30:53]} {[%emt 00:00:19]} dxc4
{[%clk 01:30:38]} {[%emt 00:01:38]} 8. Bxc4 {[%clk 01:31:17]} {[%emt 00:00:07]}
b5 {[%clk 01:30:43]} {[%emt 00:00:24]} 9. Bd3 {[%clk 01:31:28]} {[%emt
00:00:19]} a6 {[%clk 01:30:44]} {[%emt 00:00:29]} 10. O-O {[%clk 01:31:38]}
{[%emt 00:00:19]} c5 {[%clk 01:30:41]} {[%emt 00:00:34]} 11. e4 {[%clk
01:30:40]} {[%emt 00:01:28]} cxd4 {[%clk 01:30:25]} {[%emt 00:00:46]} 12. Nxd4
{[%clk 01:31:04]} {[%emt 00:00:06]} Bb7 {[%clk 01:30:01]} {[%emt 00:00:54]} 13.
Qe2 {[%clk 01:26:22]} {[%emt 00:05:12]} O-O {[%clk 01:27:41]} {[%emt 00:02:50]}
14. Bg5 {[%clk 01:19:37]} {[%emt 00:07:15]} e5 {[%clk 01:23:41]} {[%emt
00:04:30]} 15. Nf5 {[%clk 01:18:39]} {[%emt 00:01:28]} Bc5 {[%clk 01:19:47]}
{[%emt 00:04:25]} 16. Rfd1 {[%clk 01:11:29]} {[%emt 00:07:39]} Qb6 {[%clk
01:18:37]} {[%emt 00:01:41]} 17. Rac1 {[%clk 01:11:19]} {[%emt 00:00:40]} Rfe8
{[%clk 01:13:45]} {[%emt 00:05:20]} 18. Qf3 {[%clk 01:00:55]} {[%emt 00:10:54]}
Nf8 {[%clk 01:13:07]} {[%emt 00:01:09]} 19. Qg3 {[%clk 00:58:02]} {[%emt
00:03:23]} Ng6 {[%clk 01:13:11]} {[%emt 00:00:26]} 20. Qf3 {[%clk 00:47:50]}
{[%emt 00:10:42]} Re6 {[%clk 01:02:33]} {[%emt 00:11:08]} 21. Bc2 {[%clk
00:43:57]} {[%emt 00:04:23]} Rae8 {[%clk 00:57:28]} {[%emt 00:05:36]} 22. Bb3
{[%clk 00:44:04]} {[%emt 00:00:22]} Rc6 {[%clk 00:55:16]} {[%emt 00:02:41]} 23.
Ne3 {[%clk 00:36:48]} {[%emt 00:07:47]} Ne7 {[%clk 00:47:12]} {[%emt 00:08:35]}
24. Ng4 {[%clk 00:33:18]} {[%emt 00:04:00]} Rf8 {[%clk 00:45:03]} {[%emt
00:02:39]} 25. Nxe5 {[%clk 00:30:24]} {[%emt 00:03:25]} Rc7 {[%clk 00:37:14]}
{[%emt 00:08:18]} 26. Bxf6 {[%clk 00:29:49]} {[%emt 00:01:05]} Qxf6 {[%clk
00:31:52]} {[%emt 00:05:52]} 27. Qxf6 {[%clk 00:29:49]} {[%emt 00:00:30]} gxf6
{[%clk 00:31:32]} {[%emt 00:00:50]} 28. Nd7 {[%clk 00:30:02]} {[%emt 00:00:17]}
Rfc8 {[%clk 00:28:42]} {[%emt 00:03:20]} 29. Nxf6+ {[%clk 00:30:24]} {[%emt
00:00:09]} Kg7 {[%clk 00:28:56]} {[%emt 00:00:15]} 30. Nfd5 {[%clk 00:29:41]}
{[%emt 00:01:13]} Nxd5 31. Bxd5 {[%clk 00:29:59]} Bxd5 {[%clk 00:25:30]} {[%emt
00:02:38]} 32. exd5 {[%clk 00:30:20]} {[%emt 00:00:08]} Bd6 {[%clk 00:25:08]}
{[%emt 00:00:52]} 33. Ne2 {[%clk 00:29:02]} {[%emt 00:01:49]} Kf6 {[%clk
00:22:50]} {[%emt 00:02:48]} 34. Rxc7 {[%clk 00:27:58]} {[%emt 00:01:34]} Rxc7
{[%clk 00:23:16]} {[%emt 00:00:04]} 35. Rc1 {[%clk 00:24:27]} {[%emt 00:04:01]}
Rxc1+ {[%clk 00:20:58]} {[%emt 00:02:48]} 36. Nxc1 {[%clk 00:24:57]} Ke5 {[%clk
00:21:20]} {[%emt 00:00:07]} 37. Kf1 {[%clk 00:25:08]} {[%emt 00:00:19]} Kxd5
{[%clk 00:21:31]} {[%emt 00:00:19]} 38. Ke2 {[%clk 00:25:30]} {[%emt 00:00:07]}
h5 {[%clk 00:20:19]} {[%emt 00:01:43]} 39. h3 {[%clk 00:25:43]} {[%emt
00:00:17]} Ke4 {[%clk 00:17:41]} {[%emt 00:03:08]} 40. Nb3 {[%clk 00:24:08]}
{[%emt 00:02:06]} f6 {[%clk 00:13:16]} {[%emt 00:04:54]} 41. Nd2+ {[%clk
00:21:42]} {[%emt 00:02:56]} Kd4 {[%clk 00:12:53]} {[%emt 00:00:53]} 42. Nf3+
{[%clk 00:22:06]} {[%emt 00:00:06]} Ke4 {[%clk 00:12:50]} {[%emt 00:00:34]} 43.
Nd2+ {[%clk 00:14:51]} {[%emt 00:07:44]} Kd4 {[%clk 00:13:02]} {[%emt
00:00:19]} 44. g3 {[%clk 00:13:48]} {[%emt 00:01:33]} Bc7 {[%clk 00:12:44]}
{[%emt 00:00:47]} 45. Nf3+ {[%clk 00:12:47]} {[%emt 00:01:31]} Ke4 {[%clk
00:13:06]} {[%emt 00:00:07]} 46. Nd2+ {[%clk 00:13:09]} {[%emt 00:00:09]} Kd4
{[%clk 00:13:15]} {[%emt 00:00:21]} 1/2-1/2

[Event "English Womens Championships 2024"]
[Site "Kenilworth, United Kingdom"]
[Date "2024.06.22"]
[Round "5.9"]
[White "Milewska, Agnieszka"]
[Black "Ravi, Vash"]
[Result "1-0"]
[TimeControl "G:90 minutes + 30 seconds added per move"]
[WhiteFideId "1196391"]
[BlackFideId "343404901"]
[WhiteElo "1769"]
[BlackElo "1750"]

1. e4 {[%clk 01:30:56]} {[%emt 00:00:04]} c5 {[%clk 01:30:57]} {[%emt
00:00:03]} 2. a3 {[%clk 01:31:21]} {[%emt 00:00:05]} g6 {[%clk 01:30:35]}
{[%emt 00:00:52]} 3. c3 {[%clk 01:31:13]} {[%emt 00:00:38]} e5 {[%clk
01:26:44]} {[%emt 00:04:20]} 4. Nf3 {[%clk 01:30:41]} {[%emt 00:01:03]} Bg7
{[%clk 01:25:23]} {[%emt 00:01:50]} 5. Bc4 {[%clk 01:30:50]} {[%emt 00:00:21]}
Nc6 {[%clk 01:23:28]} {[%emt 00:02:26]} 6. Qb3 {[%clk 01:29:35]} {[%emt
00:01:45]} Nh6 {[%clk 01:15:44]} {[%emt 00:08:13]} 7. d3 {[%clk 01:28:57]}
{[%emt 00:01:08]} O-O {[%clk 01:12:49]} {[%emt 00:03:26]} 8. O-O {[%clk
01:26:08]} {[%emt 00:03:18]} Na5 {[%clk 01:12:10]} {[%emt 00:01:09]} 9. Qa2
{[%clk 01:26:32]} {[%emt 00:00:07]} Nxc4 {[%clk 01:12:02]} {[%emt 00:00:38]} 10.
Qxc4 {[%clk 01:26:59]} {[%emt 00:00:02]} d6 {[%clk 01:12:18]} {[%emt 00:00:14]}
11. h3 {[%clk 01:25:43]} {[%emt 00:01:46]} Qe8 {[%clk 01:11:43]} {[%emt
00:01:06]} 12. Qb3 {[%clk 01:25:12]} {[%emt 00:01:00]} Be6 {[%clk 01:11:38]}
{[%emt 00:00:36]} 13. Qxb7 {[%clk 01:20:14]} {[%emt 00:05:28]} Qa4 {[%clk
01:06:49]} {[%emt 00:05:18]} 14. Qe7 {[%clk 01:19:31]} {[%emt 00:01:13]} Kh8
{[%clk 01:01:39]} {[%emt 00:05:40]} 15. Bxh6 {[%clk 01:17:06]} {[%emt
00:02:55]} Bxh6 {[%clk 01:01:33]} {[%emt 00:00:35]} 16. Qxd6 {[%clk 01:16:28]}
{[%emt 00:01:09]} Rad8 {[%clk 00:58:44]} {[%emt 00:03:19]} 17. Qxe5+ {[%clk
01:16:08]} {[%emt 00:00:51]} Bg7 {[%clk 00:59:02]} {[%emt 00:00:11]} 18. Qxc5
{[%clk 01:15:58]} {[%emt 00:00:40]} Rxd3 {[%clk 00:58:40]} {[%emt 00:00:51]} 19.
Qb4 {[%clk 01:12:27]} {[%emt 00:04:02]} Qa6 {[%clk 00:56:29]} {[%emt 00:02:42]}
20. Nbd2 {[%clk 01:03:03]} {[%emt 00:09:53]} Rfd8 {[%clk 00:55:11]} {[%emt
00:01:49]} 21. Nb3 {[%clk 01:02:59]} {[%emt 00:00:33]} Bf8 {[%clk 00:54:21]}
{[%emt 00:01:19]} 22. Qa5 {[%clk 01:02:16]} {[%emt 00:01:15]} Qc8 {[%clk
00:53:53]} {[%emt 00:00:58]} 23. Nbd4 {[%clk 01:02:01]} {[%emt 00:00:44]} Bc4
{[%clk 00:41:02]} {[%emt 00:13:22]} 24. Rfd1 {[%clk 01:01:20]} {[%emt
00:01:11]} Bc5 {[%clk 00:38:26]} {[%emt 00:03:06]} 25. Rxd3 {[%clk 01:00:10]}
{[%emt 00:01:39]} Bxd3 {[%clk 00:38:34]} {[%emt 00:00:22]} 26. Ne5 {[%clk
00:59:44]} {[%emt 00:00:55]} Bxe4 {[%clk 00:37:30]} {[%emt 00:01:35]} 27. Qxd8+
{[%clk 00:59:26]} {[%emt 00:00:48]} Qxd8 {[%clk 00:37:35]} {[%emt 00:00:25]} 28.
Nxf7+ {[%clk 00:59:53]} {[%emt 00:00:03]} 1-0